00630nam a22002177a 4500003000500000005001700005008004100022010001000063011001000073035001000083040000900093082001700102111009100119245001300210260006300223300001100286500001100297650003300308700003400341710003700375CHAP20220329141504.0971013s1989 r 10010 d a68954 a69926 a79404 cCHAP a636.0896bC500aCiclo de Conferencias sobre Microbiología Pecuaria (n1d: 1989c: Chapingo, Méx.) aMemorias aChapingo, Méx. :bUACH. Departamento de Zootecnia,c1989 a386 p. a32-10314aMicrobiología veterinaria.0 aMiranda Romero, Luis Alberto.0 aUACH. Departamento de Zootecnia.